| Tag |
First Indicator |
Second Indicator |
Subfields |
| LEADER |
00000cam a2200000 a 4500 |
| 001 |
in00000007314 |
| 005 |
20151005070012.0 |
| 008 |
850524s1981 ii 00000 eng d |
| 010 |
|
|
|a 83907584
|
| 035 |
|
|
|a (OCoLC)13267908
|
| 035 |
|
|
|9 AAA1802AM
|
| 040 |
|
|
|a MNU
|c MNU
|d OCL
|d AGL
|d m/c
|d TXA
|d UtOrBLW
|
| 043 |
|
|
|a a-ii---
|
| 049 |
|
|
|a TXAM
|c [A10941182]
|
| 050 |
|
4 |
|a S616.I4
|b C655 1981
|
| 245 |
0 |
0 |
|a Command Area Development programme in India :
|b achievements and perspective.
|
| 264 |
|
1 |
|a New Delhi :
|b Central Board of Irrigation and Power,
|c [1981]
|
| 300 |
|
|
|a ii, 62 pages ;
|c 29 cm.
|
| 336 |
|
|
|a text
|b txt
|2 rdacontent
|
| 337 |
|
|
|a unmediated
|b n
|2 rdamedia
|
| 338 |
|
|
|a volume
|b nc
|2 rdacarrier
|
| 500 |
|
|
|a At head of title: Government of India, Ministry of Irrigation.
|
| 500 |
|
|
|a "Command Area Development and Water Management Division, New Delhi."
|
| 500 |
|
|
|a "September 1981."
|
| 650 |
|
0 |
|a Irrigation
|z India.
|
| 650 |
|
0 |
|a Agriculture
|z India.
|
| 710 |
1 |
|
|a India.
|b Ministry of Irrigation.
|
| 999 |
|
|
|a MARS
|
| 999 |
f |
f |
|s 6001dbd0-fde9-3ccd-bc31-d99d17d4608e
|i 72152f6a-fe29-3d39-9a53-0d222a844e44
|t 0
|
| 952 |
f |
f |
|p ric
|a Texas A&M University
|b Rellis Campus
|c Joint Library Facility
|d Remote Storage
|t 0
|e S616.I4 C655 1981
|h Library of Congress classification
|i unmediated -- volume
|m A14810941182
|
| 998 |
f |
f |
|a S616.I4 C655 1981
|t 0
|l Remote Storage
|